पर्यावरण संरक्षण / (Record no. 112058)

MARC details
000 -LEADER
fixed length control field 01122nam a22002537a 4500
005 - DATE AND TIME OF LATEST TRANSACTION
control field 20170124102933.0
010 ## - LIBRARY OF CONGRESS CONTROL NUMBER
LC control number B-148799
020 ## - INTERNATIONAL STANDARD BOOK NUMBER
Terms of availability 200.00
International Standard Book Number 8187247304
035 ## - SYSTEM CONTROL NUMBER
System control number B-148799
037 ## - SOURCE OF ACQUISITION
Source of stock number/acquisition Cen Lib/Ret
040 ## - CATALOGING SOURCE
Original cataloging agency DPL
Language of cataloging HN
082 ## - DEWEY DECIMAL CLASSIFICATION NUMBER
Classification number 363.7
Item number गोस्वामी
100 ## - MAIN ENTRY--PERSONAL NAME
Personal name गोस्वामी, सुबुद्धि
9 (RLIN) 9685
245 ## - TITLE STATEMENT
Title पर्यावरण संरक्षण /
Statement of responsibility, etc सुबुद्धि गोस्वामी
246 ## - VARYING FORM OF TITLE
Title proper/short title Paryavaran sanrakshan /
Remainder of title by Subudhdhi Goswami
260 ## - PUBLICATION, DISTRIBUTION, ETC. (IMPRINT)
Name of publisher, distributor, etc श्याम प्रकाशन
Place of publication, distribution, etc जयपुर
Date of publication, distribution, etc 2004
270 ## - ADDRESS
Address फिल्म कॉलोनी, चौरा रास्ता
City जयपुर
Postal code 302 003
300 ## - PHYSICAL DESCRIPTION
Extent 160पृ. :
Dimensions 21सेमी (सजिल्द)
Other physical details सचित्र
650 ## - SUBJECT ADDED ENTRY--TOPICAL TERM
Topical term or geographic name as entry element प्रकृति और पर्यावरण
9 (RLIN) 45681
650 ## - SUBJECT ADDED ENTRY--TOPICAL TERM
Topical term or geographic name as entry element पर्यावरण -- विनाश
9 (RLIN) 1291
650 ## - SUBJECT ADDED ENTRY--TOPICAL TERM
Topical term or geographic name as entry element Nature and Environment
9 (RLIN) 45682
650 ## - SUBJECT ADDED ENTRY--TOPICAL TERM
Topical term or geographic name as entry element Environment - Destruction
9 (RLIN) 45683
942 ## - ADDED ENTRY ELEMENTS (KOHA)
Source of classification or shelving scheme Dewey Decimal Classification
Koha item type Hindi Books
Classification part 363.7
Call number suffix गोस्वामी
Holdings
Withdrawn status Lost status Damaged status Not for loan Home library Current library Date acquired Source of acquisition Cost, normal purchase price Total Checkouts Full call number Barcode Date last seen Date checked out Copy number Cost, replacement price Price effective from Koha item type
        Central Library Central Library 06/08/2015 Cen Lib/Ret 200.00 1 363.7 गोस्वामी B-148799 14/10/2019 30/09/2019 1 200.00 06/08/2015 Hindi Books

© Delhi Public Library
Hit Counter
free hit counter